000 00373nam a2200157Ia 4500
008 221030s9999 xx 000 0 und d
020 _a8131509166
041 _aEnglish
082 _a105.23
100 _aJ. Sklar
245 0 _aText Book of Web Design
_cby J. Sklar
260 _bCengage Learning
_aNew Delhi
_c2009
300 _a391
650 _aComputers
942 _cBK
999 _c9049
_d9049